All's fair in love and war / Virginia Heath.
Available copies
- 2 of 2 copies available at LARL/NWRL Consortium. (Show)
- 2 of 2 copies available at Lake Agassiz Regional Library.
Current holds
0 current holds with 2 total copies.
Show Only Available Copies
| Location | Call Number / Copy Notes | Barcode | Shelving Location | Status | Due Date |
|---|---|---|---|---|---|
| Bagley Public Library | HEA (Text) | 33500014006621 | Main | Available | - |
| Fosston Public Library | HEA (Text) | 33500014006639 | Main | Available | - |
Record details
- ISBN: 9781250896070
- ISBN: 125089607X
- Physical Description: 374 pages ; 21 cm.
- Edition: First edition.
- Publisher: New York : St. Martin's Griffin, 2024.
Content descriptions
| Summary, etc.: | "A new Regency romp of a series, about governess ... Read More |
Search for related items by subject
| Subject: | Governesses > Fiction. Man-woman relationships > Fiction. |
| Genre: | Romance fiction. Historical fiction. Novels. |
Search for related items by series
| LDR | 03091cam a22004578i 4500 | ||
|---|---|---|---|
| 001 | 432651 | ||
| 003 | LARL_NWRL_CONSORTIUM | ||
| 005 | 20240530185959.0 | ||
| 008 | 240104s2024 nyu 000 1 eng | ||
| 010 | . | ‡a 2023057979 | |
| 040 | . | ‡aDLC ‡beng ‡erda ‡cDLC ‡dOCLCO ‡dOCO ‡dSO$ | |
| 020 | . | ‡a9781250896070 ‡q(trade paperback) | |
| 020 | . | ‡a125089607X ‡q(trade paperback) | |
| 020 | . | ‡z9781250896087 ‡q(ebook) | |
| 035 | . | ‡a(OCoLC)1393203781 | |
| 042 | . | ‡apcc | |
| 082 | 0 | 0. | ‡a823/.92 ‡223/eng/20240104 |
| 100 | 1 | . | ‡aHeath, Virginia, ‡d1968- ‡eauthor. |
| 245 | 1 | 0. | ‡aAll's fair in love and war / ‡cVirginia Heath. |
| 246 | 3 | . | ‡aAll is fair in love and war |
| 250 | . | ‡aFirst edition. | |
| 264 | 1. | ‡aNew York : ‡bSt. Martin's Griffin, ‡c2024. | |
| 300 | . | ‡a374 pages ; ‡c21 cm. | |
| 336 | . | ‡atext ‡btxt ‡2rdacontent | |
| 337 | . | ‡aunmediated ‡bn ‡2rdamedia | |
| 338 | . | ‡avolume ‡bnc ‡2rdacarrier | |
| 490 | 0 | . | ‡aMiss Prentice's protegees ; ‡v1 |
| 520 | . | ‡a"A new Regency romp of a series, about governess who believes in cultivating joy in her charges, clashes with the children's uncle who hired her, only to find herself falling in love. When the flighty older sister of former naval captain, Henry Kincaid, decides on a whim to accompany her explorer husband on an expedition to Egypt, he finds himself unwittingly left in the lurch with her three unruly children and her giant, mad dog. With no clue how to manage the little rascals, a busy career at the Admiralty that requires all of his attention, and no idea when his sister is coming back, Harry has to hire an emergency governess to ensure that everything in his ordered house continues to run shipshape. In desperation, he goes to Miss Prentice's School for Girls prepared to pay whatever it takes to get a governess quick sharp to bring order to the chaos. Thanks to her miserable, strict upbringing, fledgling governess Georgina Rowe does not subscribe to the ethos that children should be seen and not heard. She believes childhood should be everything that hers wasn't, filled with laughter, adventure, and discovery. Thankfully, the three Pendleton children she has been tasked with looking after are already delightfully bohemian and instantly embrace her unconventional educational ethos. Their staid, stickler-for-the-rules uncle, however, is another matter entirely. Georgina and Henry continue to butt heads over their differences, but over time it seems that in this case, their attraction is undeniable, and all is indeed fair in love and war."-- ‡cProvided by publisher. | |
| 650 | 0. | ‡aGovernesses ‡vFiction. ‡0(LARL_NWRL_CONSORTIUM)165490 | |
| 650 | 0. | ‡aMan-woman relationships ‡vFiction. ‡0(LARL_NWRL_CONSORTIUM)165985 | |
| 655 | 7. | ‡aRomance fiction. ‡2lcgft | |
| 655 | 7. | ‡aHistorical fiction. ‡2lcgft | |
| 655 | 7. | ‡aNovels. ‡2lcgft | |
| 901 | . | ‡a432651 ‡bOCoLC ‡c432651 ‡tbiblio ‡soclc | |

Add to basket
Permalink
Disable Highlighting